南疆、喀和、和若、格库铁路(环塔里木)所有客运车站 Circum-Tarim Railway stations - Statistics

General Stats
  • This quiz has been taken 19 times
  • The average score is 31 of 40
Answer Stats
线路 地市 车站 % Correct
南疆铁路 巴音郭楞 库尔勒
100%
和若铁路 巴音郭楞 若羌
100%
格库铁路 巴音郭楞 库尔勒
100%
格库铁路 巴音郭楞 若羌
100%
南疆铁路 克孜勒苏 阿图什
94%
南疆铁路 喀什 喀什
94%
喀和铁路 喀什 喀什
94%
喀和铁路 和田 和田
94%
和若铁路 和田 和田
94%
南疆铁路 兵团 铁门关
88%
南疆铁路 阿克苏 阿克苏
88%
喀和铁路 喀什 英吉沙
88%
和若铁路 巴音郭楞 且末
88%
格库铁路 海西 茫崖
88%
格库铁路 海西 格尔木
88%
南疆铁路 阿克苏 库车
82%
喀和铁路 克孜勒苏 阿克陶
82%
喀和铁路 喀什 莎车
82%
喀和铁路 喀什 叶城
82%
喀和铁路 和田 墨玉
82%
南疆铁路 巴音郭楞 和硕
76%
喀和铁路 和田 皮山
76%
喀和铁路 兵团 昆玉
76%
南疆铁路 巴音郭楞 焉耆
71%
南疆铁路 巴音郭楞 轮台
71%
南疆铁路 喀什 巴楚
71%
和若铁路 和田 策勒
71%
和若铁路 和田 于田
71%
和若铁路 和田 民丰
71%
南疆铁路 阿克苏 新和
65%
喀和铁路 喀什 泽普
65%
南疆铁路 巴音郭楞 马兰
59%
和若铁路 和田 洛浦
59%
格库铁路 巴音郭楞 尉犁
59%
格库铁路 巴音郭楞 米兰
59%
格库铁路 海西 乌图美仁
59%
和若铁路 兵团 玉泉镇
47%
和若铁路 兵团 金山
47%
和若铁路 巴音郭楞 瓦石峡
47%
和若铁路 巴音郭楞 南屯
41%
No matching quizzes found
Score Distribution
Percent of People with Each Score
Percentile by Number Answered
Your Score History
You have not taken this quiz